OHL Teams - Statistics

General Stats
  • This quiz has been taken 288 times
  • The average score is 16 of 20
Answer Stats
Division Team % Correct
Midwest London Knights
91%
East Ottawa 67's
88%
East Brantford Bulldogs
87%
Central North Bay Battalion
83%
West Sarnia Sting
82%
Midwest Erie Otters
81%
Central Mississauga Steelheads
81%
East Oshawa Generals
80%
West Sault Ste. Marie Greyhounds
80%
East Peterborough Petes
79%
West Windsor Spitfires
79%
Midwest Kitchener Rangers
78%
Central Sudbury Wolves
78%
Central Niagara IceDogs
76%
West Saginaw Spirit
75%
Central Barrie Colts
74%
West Flint Firebirds
74%
East Kingston Frontenacs
74%
Midwest Guelph Storm
73%
Midwest Owen Sound Attack
63%
No matching quizzes found
Score Distribution
Percent of People with Each Score
Percentile by Number Answered
Your Score History
You have not taken this quiz